00294nam a22000737a 4500100002200000245014700022260004200169300000900211 aKaushalya,G.H.T.C aAntifungal activity of volatile constituents of Alpinia malaccensis rhizomes and leaves against Collrtotrichum musae & Lasiodiplodia thebromae aColombobInstitute of Chemistryc2012 a45 p